Catálogo público

Diagnóstico integral de la ganadería bovina... / (Record no. 164272)

MARC details
000 -CABECERA
campo de control de longitud fija 00813nam a2200241Ia 4500
001 - NÚMERO DE CONTROL
campo de control Z_1187
008 - DATOS DE LONGITUD FIJA--INFORMACIÓN GENERAL
campo de control de longitud fija 220113s9999 xx 000 0 und d
010 ## - NÚMERO DE CONTROL DE LA BIBLIOTECA DEL CONGRESO
Número de control de LC 164272
082 ## - NÚMERO DE LA CLASIFICACIÓN DECIMAL DEWEY
Número de clasificación 636.080913 U3
100 ## - ENTRADA PRINCIPAL--NOMBRE DE PERSONA
Nombre de persona UACH. Subdirección de Investigación. Coordinación de Servicios
9 (RLIN) 138382
245 ## - MENCIÓN DE TÍTULO
Título Diagnóstico integral de la ganadería bovina... /
Mención de responsabilidad, etc.
260 ## - PUBLICACIÓN, DISTRIBUCIÓN, ETC.
Lugar de publicación, distribución, etc.
300 ## - DESCRIPCIÓN FÍSICA
Extensión
440 ## - MENCIÓN DE SERIE/PUNTO DE ACCESO ADICIONAL--TÍTULO
Título
500 ## - NOTA GENERAL
Nota general rencia de tecnología en la producción de bovinos en el trópico humedo -- v.11 La comercialización del ganado bovino -- v.12 Ganadería bovina en la región Golfo - Sureste -- v.13 Regiones ganaderas bovinas en el trópico humedo -- v.14 Diagnóstico ganade
503 ## - NOTA DE HISTORIA BIBLIOGRÁFICA (BK CF MU) [OBSOLETO]
Nota de historia bibliográfica
650 ## - PUNTO DE ACCESO ADICIONAL DE MATERIA--TÉRMINO DE MATERIA
Término de materia o nombre geográfico como elemento de entrada
901 ## - ELEMENTOS DE DATOS A LOCAL LDA (RLIN)
a 636.080913 U3
902 ## - ELEMENTOS DE DATOS B LOCAL, LDB (RLIN)
a A
910 ## - DATOS DE OPCIÓN DEL USUARIO (OCLC)
Datos de opción del usuario
942 ## - ELEMENTOS DE PUNTO DE ACCESO ADICIONAL (KOHA)
Tipo de ítem Koha

No items available.